000 00479nam a2200169 i 4500
001 23824
003 ES-MaACL
005 20240522063030.0
007 t|
008 021212s1899 it ||||1| ita d
100 0 _aDe Amicis, Edmondo,
_d1846-1908
_943032
245 1 0 _aCoure
_b: libro per i ragazzi /
_cEdmondo De Amicis.
260 _aMilano :
_bFratelli Treves,
_c1899.
300 _a338 p. ;
_c19 cm.
852 _aES-MaACL
_jF-9241
999 _c23824
_d23824